Entry Konu Terimi
001 - KONTROL NUMARASI
- Kontrol alanı: 85384
003 - KONTROL NUMARASI KİMLİĞİ
- Kontrol alanı: TR-BiSEU
005 - SON İŞLEM TARİHİ VE ZAMANI
- Kontrol alanı: 20260207003515.0
008 - SABİT UZUNLUKTAKİ VERİ ÖGELERİ - GENEL BİLGİ
- Sabit uzunlukta kontrol alanı: 260207|| aca||aabn | a|a d
040 ## - KATALOGLAMA KAYNAĞI
- Özgün kataloglama kurumu: TR-BiSEU
- Çeviri kurumu: TR-BiSEU
150 ## - KONU BAŞLIKLARI - KONU TERİMİ
- Konu terimi: Biberiye
670 ## - BİLGİNİN KAYNAĞI
- Bilginin alındığı kaynak: KOHA: (TR-BiSEU)46288: Doğu Akdeniz Bölgesi biberiyelerinin (rosmarinus officinalis l.) gen kaynaklarının korunması ve klon seçimi=Conservation of rosemary (rosmarinus officinalis l.) genetic resources in the eastern mediterranean region of Turkey and clone selection/
